مكتبة جامعة عجلون الوطنية

فهرس بحث المكتبة

Normal view MARC view
  • تكنولوجيا التعليم- مؤتمرات- طرق التدريس- البحث العلمي- مؤتمرات

Entry Topical Term

Number of records used in: 1

001 - CONTROL NUMBER

  • control field: 57160

003 - CONTROL NUMBER IDENTIFIER

  • control field: JO-AjAnu

005 - DATE AND TIME OF LATEST TRANSACTION

  • control field: 20230606083349.0

008 - FIXED-LENGTH DATA ELEMENTS

  • fixed length control field: 230606|| aca||aabn | a|a d

040 ## - CATALOGING SOURCE

  • Original cataloging agency: JO-AjAnu
  • Transcribing agency: JO-AjAnu

150 ## - HEADING--TOPICAL TERM

  • Topical term or geographic name entry element: تكنولوجيا التعليم- مؤتمرات- طرق التدريس- البحث العلمي- مؤتمرات

670 ## - SOURCE DATA FOUND

  • Source citation: Work cat.: (JO-AjAnu)29165: الجمعية الأردنية للبحث العلمي؛ منسق المحور أبو الرز، جمال ؛ اشراف انور البطيخي, author 57159, أساليب التدريس ودمج التكنولوجيا في التعليم : وقائع المؤتمر الرابع للبحث العلمي في الأردن 7/11/2009 الأوراق العلمية المحكمة